000 00629nam a22001817a 4500
003 OSt
005 20250619051200.0
008 250619b |||||||| |||| 00| 0 eng d
020 _a 978-621-427-210-5
040 _aDWCL - Main lib
_cOC
100 _aAbante, Marmelo V. ( and three others )
245 _aAdvanced organizational management/
_cMarmelo V. Abante
260 _aIntramuros, Manila:
_b Unlimited Books Library Services & Publishing Inc.,
_c c2024.
300 _aviii, 408 pages:
_b illustrations;
_c 25cm.
504 _aIncludes bibliographical references.
650 _2Management.
942 _2ddc
_cBK - FIL
_kFil.
_n0
999 _c3168
_d3168